[Event "WCO 2016"]
[Site "?"]
[Date "2016.09.13"]
[Round "11"]
[Board "1"]
[WhiteID "10000127"]
[White "Kawuma Patrick"]
[BlackID "4300599"]
[Black "Kulashko Alexei"]
[Result "1/2-1/2"]
[BlackElo "2348"]
[WhiteElo "2261"]
[LiveChessVersion "1.4.8"]

1. c4 {[%clk 1:30:57]} c5 {[%clk 1:30:55]} 2. g3 {[%clk 1:29:42]} Nc6
{[%clk 1:31:00]} 3. Bg2 {[%clk 1:30:05]} g6 {[%clk 1:31:20]} 4. Nc3
{[%clk 1:30:21]} Bg7 {[%clk 1:31:43]} 5. Nf3 {[%clk 1:29:57]} e5 {[%clk 1:31:25]}
6. O-O {[%clk 1:28:39]} Nge7 {[%clk 1:31:28]} 7. a3 {[%clk 1:26:48]} a5
{[%clk 1:31:17]} 8. Ne1 {[%clk 1:25:56]} O-O {[%clk 1:31:03]} 9. Nc2
{[%clk 1:26:09]} d6 {[%clk 1:30:57]} 10. Rb1 {[%clk 1:26:25]} Be6
{[%clk 1:27:55]} 11. Ne3 {[%clk 1:26:00]} Rb8 {[%clk 1:26:52]} 12. d3
{[%clk 1:21:12]} Nd4 {[%clk 1:13:22]} 13. b4 {[%clk 1:07:35]} axb4
{[%clk 1:09:01]} 14. axb4 {[%clk 1:07:59]} cxb4 {[%clk 1:08:16]} 15. Rxb4
{[%clk 1:08:05]} Qa5 {[%clk 1:07:04]} 16. Qa4 {[%clk 1:08:18]} Qxa4
{[%clk 1:06:51]} 17. Rxa4 {[%clk 1:08:35]} b5 {[%clk 1:05:30]} 18. Nxb5
{[%clk 0:48:56]} Nxb5 {[%clk 0:49:30]} 19. cxb5 {[%clk 0:49:12]} Rxb5
{[%clk 0:49:46]} 20. Ba3 {[%clk 0:41:42]} Rd8 {[%clk 0:48:44]} 21. Ra6
{[%clk 0:39:47]} Nc8 {[%clk 0:46:38]} 22. Bc6 {[%clk 0:36:07]} Rb6
{[%clk 0:43:15]} 23. Rxb6 {[%clk 0:36:15]} Nxb6 {[%clk 0:43:44]} 24. Rb1
{[%clk 0:36:17]} Nc8 {[%clk 0:43:01]} 25. Rb8 Bf6 {[%clk 0:30:43]} 26. Nd5
{[%clk 0:28:36]} Kg7 {[%clk 0:29:06]} 27. Bb7 {[%clk 0:22:01]} h5
{[%clk 0:23:33]} 28. Nc7 {[%clk 0:16:41]} Bd7 {[%clk 0:11:37]} 29. Bxc8
{[%clk 0:16:48]} Bxc8 {[%clk 0:12:02]} 30. Bxd6 {[%clk 0:17:08]} Kh7
{[%clk 0:11:08]} 31. Nb5 {[%clk 0:15:58]} Ba6 {[%clk 0:09:59]} 32. Rxd8
{[%clk 0:16:06]} Bxd8 {[%clk 0:10:27]} 33. Nc3 {[%clk 0:16:09]} f6
{[%clk 0:10:08]} 34. Bc5 {[%clk 0:03:52]} g5 {[%clk 0:06:51]} 35. f3
{[%clk 0:04:07]} g4 {[%clk 0:05:51]} 36. Kf2 {[%clk 0:03:58]} Kg6
{[%clk 0:05:53]} 37. Ke3 {[%clk 0:02:20]} f5 {[%clk 0:04:18]} 38. d4
{[%clk 0:01:05]} f4+ {[%clk 0:01:20]} 39. Kf2 {[%clk 0:00:42]} exd4
{[%clk 0:00:53]} 40. Bxd4 {[%clk 0:31:10]} fxg3+ {[%clk 0:30:50]} 41. hxg3
{[%clk 0:30:17]} h4 {[%clk 0:27:44]} 42. f4 {[%clk 0:26:46]} h3 {[%clk 0:25:48]}
43. Kg1 {[%clk 0:15:51]} Ba5 {[%clk 0:25:36]} 44. e4 {[%clk 0:15:06]} Bxc3
{[%clk 0:25:37]} 1/2-1/2

[Event "WCO 2016"]
[Site "?"]
[Date "2016.09.13"]
[Round "11"]
[Board "2"]
[WhiteID "4300513"]
[White "Wastney Scott"]
[BlackID "10000380"]
[Black "Wanyama Harold"]
[Result "1-0"]
[BlackElo "2251"]
[WhiteElo "2312"]
[LiveChessVersion "1.4.8"]

1. e4 {[%clk 1:30:58]} c5 {[%clk 1:30:50]} 2. Nf3 {[%clk 1:31:23]} e6
{[%clk 1:31:12]} 3. d4 {[%clk 1:31:42]} cxd4 {[%clk 1:31:35]} 4. Nxd4
{[%clk 1:32:08]} a6 {[%clk 1:31:59]} 5. Bd3 {[%clk 1:32:17]} Nf6 {[%clk 1:32:16]}
6. O-O {[%clk 1:32:16]} Qc7 {[%clk 1:32:40]} 7. Qe2 {[%clk 1:32:05]} d6
{[%clk 1:32:34]} 8. c4 {[%clk 1:31:37]} Nbd7 {[%clk 1:32:49]} 9. f4
{[%clk 1:31:01]} b6 {[%clk 1:32:31]} 10. Nc3 {[%clk 1:30:04]} Be7
{[%clk 1:32:31]} 11. Kh1 {[%clk 1:28:43]} Bb7 {[%clk 1:32:47]} 12. f5
{[%clk 1:28:18]} Nf8 {[%clk 1:26:39]} 13. Be3 {[%clk 1:19:37]} Rb8
{[%clk 1:24:52]} 14. Rac1 {[%clk 1:16:16]} h5 {[%clk 1:24:40]} 15. Bc2
{[%clk 1:09:44]} N6d7 {[%clk 1:17:01]} 16. Ba4 {[%clk 1:06:36]} Bf6
{[%clk 1:15:55]} 17. Nd5 {[%clk 0:47:59]} exd5 {[%clk 1:11:42]} 18. cxd5
{[%clk 0:48:07]} Qd8 {[%clk 1:07:57]} 19. Nc6 {[%clk 0:47:47]} Bxc6
{[%clk 1:05:47]} 20. dxc6 {[%clk 0:47:26]} Ra8 {[%clk 1:03:36]} 21. c7
{[%clk 0:42:51]} Qc8 {[%clk 1:03:39]} 22. Bc6 {[%clk 0:39:28]} Ra7
{[%clk 1:02:12]} 23. Bxb6 {[%clk 0:39:41]} Rxc7 {[%clk 0:55:23]} 24. Bxd7+
{[%clk 0:40:02]} Nxd7 {[%clk 0:55:48]} 25. Bxc7 {[%clk 0:39:22]} Qb7
{[%clk 0:51:14]} 26. Bxd6 {[%clk 0:39:32]} Be5 {[%clk 0:51:35]} 27. Rc7
{[%clk 0:39:05]} Qa8 {[%clk 0:48:20]} 28. Rxd7 {[%clk 0:31:39]} 1-0

[Event "WCO 2016"]
[Site "?"]
[Date "2016.09.13"]
[Round "11"]
[Board "3"]
[WhiteID "10000550"]
[White "Gonza Simon"]
[BlackID "4300106"]
[Black "Dive Russell John"]
[Result "1/2-1/2"]
[BlackElo "2309"]
[WhiteElo "2096"]
[LiveChessVersion "1.4.8"]

1. Nf3 {[%clk 1:30:39]} Nf6 {[%clk 1:30:50]} 2. g3 {[%clk 1:30:48]} d5
{[%clk 1:29:57]} 3. Bg2 {[%clk 1:31:06]} c6 {[%clk 1:30:23]} 4. O-O
{[%clk 1:30:56]} h6 {[%clk 1:30:37]} 5. d3 {[%clk 1:30:47]} Bf5 {[%clk 1:30:49]}
6. Nbd2 {[%clk 1:30:45]} e6 {[%clk 1:31:10]} 7. c4 {[%clk 1:30:35]} Be7
{[%clk 1:30:45]} 8. Qb3 {[%clk 1:25:54]} Qc7 {[%clk 1:29:38]} 9. Rd1
{[%clk 1:23:40]} a5 {[%clk 1:27:40]} 10. Nf1 {[%clk 1:20:27]} a4 {[%clk 1:25:57]}
11. Qc2 {[%clk 1:18:47]} a3 {[%clk 1:24:56]} 12. b3 {[%clk 1:17:01]} Na6
{[%clk 1:25:00]} 13. Bf4 {[%clk 1:15:38]} Qb6 {[%clk 1:21:18]} 14. Be3
{[%clk 1:09:48]} c5 {[%clk 1:18:07]} 15. cxd5 {[%clk 1:07:28]} exd5
{[%clk 1:18:20]} 16. Bd2 {[%clk 1:06:23]} d4 {[%clk 1:16:09]} 17. Ne5
{[%clk 1:04:30]} Nb4 {[%clk 1:10:25]} 18. Bxb4 {[%clk 1:02:35]} Qxb4
{[%clk 1:10:53]} 19. Qc4 {[%clk 1:01:35]} Qxc4 {[%clk 1:05:29]} 20. bxc4
{[%clk 1:01:52]} Ra7 {[%clk 0:58:57]} 21. Rab1 {[%clk 1:01:15]} Bd6
{[%clk 0:58:56]} 22. Nf3 {[%clk 0:57:24]} O-O {[%clk 0:54:36]} 23. N1d2
{[%clk 0:54:41]} Re8 {[%clk 0:51:06]} 24. Kf1 {[%clk 0:53:16]} Bd7
{[%clk 0:46:29]} 25. Ne1 {[%clk 0:49:09]} Rb8 {[%clk 0:45:25]} 26. Rb3
{[%clk 0:44:45]} b5 {[%clk 0:39:55]} 27. cxb5 {[%clk 0:43:38]} Rxb5
{[%clk 0:40:02]} 28. Rxb5 {[%clk 0:39:41]} Bxb5 {[%clk 0:40:18]} 29. Rb1
{[%clk 0:39:33]} Bd7 {[%clk 0:36:09]} 30. Nc4 {[%clk 0:39:11]} Bc7
{[%clk 0:28:44]} 31. Nc2 {[%clk 0:38:34]} Ba5 {[%clk 0:24:59]} 32. Rb8+
{[%clk 0:33:37]} Kh7 {[%clk 0:24:59]} 33. Ra8 {[%clk 0:33:31]} Rxa8
{[%clk 0:24:05]} 34. Bxa8 {[%clk 0:33:56]} Bb4 {[%clk 0:23:59]} 35. N2xa3
{[%clk 0:31:53]} Ba4 {[%clk 0:18:44]} 36. Nb6 {[%clk 0:23:07]} Bxa3
{[%clk 0:09:11]} 37. Nxa4 {[%clk 0:23:31]} Ne8 {[%clk 0:09:13]} 38. Ke1
{[%clk 0:18:49]} Nd6 {[%clk 0:09:02]} 39. Bc6 {[%clk 0:17:23]} f5
{[%clk 0:04:21]} 40. Kd2 {[%clk 0:46:12]} c4 {[%clk 0:32:06]} 41. dxc4
{[%clk 0:44:18]} Nxc4+ {[%clk 0:32:26]} 42. Kc2 {[%clk 0:44:41]} Ne5
{[%clk 0:32:36]} 43. Bb5 {[%clk 0:42:54]} Ng4 {[%clk 0:28:56]} 44. Nb2
{[%clk 0:31:40]} Nxf2 {[%clk 0:28:04]} 45. Nc4 {[%clk 0:31:11]} Bc5
{[%clk 0:27:51]} 46. Bc6 {[%clk 0:29:12]} Kg6 {[%clk 0:25:30]} 47. Ne5+
{[%clk 0:27:33]} Kh7 {[%clk 0:24:36]} 48. a4 {[%clk 0:23:46]} Bd6
{[%clk 0:20:56]} 49. Nc4 {[%clk 0:20:47]} Bb8 {[%clk 0:21:21]} 50. Bf3
{[%clk 0:20:44]} g5 {[%clk 0:21:08]} 51. a5 {[%clk 0:20:51]} g4 {[%clk 0:14:20]}
52. Bg2 {[%clk 0:20:50]} h5 {[%clk 0:14:08]} 53. a6 {[%clk 0:21:06]} Kh6
{[%clk 0:13:09]} 54. Ne5 {[%clk 0:19:59]} Ba7 {[%clk 0:13:22]} 55. Nc6
{[%clk 0:19:16]} Bb6 {[%clk 0:13:51]} 56. a7 {[%clk 0:18:54]} Bxa7
{[%clk 0:14:17]} 57. Nxa7 {[%clk 0:19:16]} Kg5 {[%clk 0:14:42]} 58. Nb5
{[%clk 0:15:15]} f4 {[%clk 0:14:26]} 59. Nxd4 {[%clk 0:13:47]} fxg3
{[%clk 0:14:47]} 60. hxg3 {[%clk 0:13:42]} h4 {[%clk 0:15:15]} 61. Ne6+
{[%clk 0:11:00]} Kf5 {[%clk 0:12:56]} 62. Nd4+ {[%clk 0:07:35]} Kg5
{[%clk 0:13:24]} 63. Ne6+ {[%clk 0:08:02]} Kf5 {[%clk 0:13:51]} 64. gxh4
{[%clk 0:07:14]} Kxe6 {[%clk 0:14:07]} 65. Kd2 {[%clk 0:07:33]} Kf5
{[%clk 0:13:20]} 66. Ke1 {[%clk 0:06:49]} g3 {[%clk 0:13:16]} 67. Bf3
{[%clk 0:05:11]} Ng4 {[%clk 0:11:16]} 68. Bxg4+ {[%clk 0:02:03]} Kxg4
{[%clk 0:10:42]} 69. Kf1 {[%clk 0:01:40]} Kxh4 {[%clk 0:11:05]} 70. Kg2
{[%clk 0:01:22]} Kg4 {[%clk 0:11:33]} 71. e4 {[%clk 0:01:22]} Kf4
{[%clk 0:11:57]} 72. e5 {[%clk 0:01:42]} Kxe5 {[%clk 0:12:25]} 73. Kxg3
{[%clk 0:02:09]} 1/2-1/2

[Event "WCO 2016"]
[Site "?"]
[Date "2016.09.13"]
[Round "11"]
[Board "4"]
[WhiteID "405647"]
[White "Hague Ben"]
[BlackID "10000526"]
[Black "Kizza Faruk Fauza Karim"]
[Result "1-0"]
[BlackElo "2094"]
[WhiteElo "2341"]
[LiveChessVersion "1.4.8"]

1. e4 {[%clk 1:30:56]} c5 {[%clk 1:30:47]} 2. Nf3 {[%clk 1:31:20]} a6
{[%clk 1:31:11]} 3. c3 {[%clk 1:31:15]} d5 {[%clk 1:30:37]} 4. exd5
{[%clk 1:31:33]} Qxd5 {[%clk 1:31:00]} 5. d4 {[%clk 1:31:53]} cxd4
{[%clk 1:31:07]} 6. cxd4 {[%clk 1:31:56]} e6 {[%clk 1:30:57]} 7. Be2
{[%clk 1:31:04]} Nf6 {[%clk 1:31:21]} 8. O-O {[%clk 1:31:01]} Bd6
{[%clk 1:31:33]} 9. Nc3 {[%clk 1:29:58]} Qa5 {[%clk 1:27:37]} 10. Nd2
{[%clk 1:24:08]} Qc7 {[%clk 1:25:13]} 11. g3 {[%clk 1:20:19]} O-O
{[%clk 1:25:01]} 12. Nc4 {[%clk 1:19:07]} Nbd7 {[%clk 1:24:31]} 13. Nxd6
{[%clk 1:18:11]} Qxd6 {[%clk 1:24:48]} 14. Bf4 {[%clk 1:17:30]} Qb4
{[%clk 1:17:17]} 15. a3 {[%clk 1:15:00]} Qe7 {[%clk 1:16:49]} 16. Re1
{[%clk 1:14:05]} Nb6 {[%clk 1:13:54]} 17. Bf3 {[%clk 1:09:19]} Qd8
{[%clk 1:10:04]} 18. Qb3 {[%clk 1:05:12]} Nfd5 {[%clk 1:06:32]} 19. Bd2
{[%clk 0:54:57]} Qf6 {[%clk 0:56:45]} 20. Nxd5 {[%clk 0:52:29]} Nxd5
{[%clk 0:57:00]} 21. Re5 {[%clk 0:51:50]} b5 {[%clk 0:43:12]} 22. Bg5
{[%clk 0:50:14]} Qxf3 {[%clk 0:13:35]} 23. Qxf3 {[%clk 0:49:55]} f6
{[%clk 0:14:03]} 24. Rxd5 {[%clk 0:40:17]} Bb7 {[%clk 0:14:13]} 25. Bd2
{[%clk 0:39:44]} Bxd5 {[%clk 0:12:10]} 26. Qd1 {[%clk 0:39:00]} Rfd8
{[%clk 0:11:47]} 27. Rc1 {[%clk 0:39:10]} Rac8 {[%clk 0:12:03]} 28. Ba5
{[%clk 0:38:36]} Re8 {[%clk 0:12:19]} 29. Rc5 {[%clk 0:36:27]} Rxc5
{[%clk 0:05:18]} 30. dxc5 {[%clk 0:36:51]} Rc8 {[%clk 0:05:44]} 31. b4
{[%clk 0:35:16]} Rc6 {[%clk 0:05:49]} 32. Qd2 {[%clk 0:34:23]} Kf7
{[%clk 0:05:30]} 33. Qf4 {[%clk 0:34:26]} g5 {[%clk 0:04:19]} 34. Qb8
{[%clk 0:34:35]} e5 {[%clk 0:03:43]} 35. Bc7 {[%clk 0:31:58]} Re6
{[%clk 0:03:01]} 36. Bd6 {[%clk 0:31:12]} e4 {[%clk 0:02:07]} 37. Qf8+
{[%clk 0:31:28]} Kg6 {[%clk 0:02:27]} 38. Qg8+ {[%clk 0:31:43]} Kf5
{[%clk 0:02:07]} 39. Qxh7+ {[%clk 0:32:07]} Kg4 {[%clk 0:02:19]} 40. h3+
{[%clk 1:02:24]} Kf3 {[%clk 0:30:34]} 41. Qh5+ {[%clk 1:02:47]} 1-0

[Event "WCO 2016"]
[Site "?"]
[Date "2016.09.13"]
[Round "11"]
[Board "1"]
[WhiteID "1700146"]
[White "Wiedenkeller Michael"]
[BlackID "14800268"]
[Black "Calicoca Wilton Inacio"]
[Result "1-0"]
[BlackElo "2190"]
[WhiteElo "2458"]
[LiveChessVersion "1.4.8"]

1. d4 {[%clk 1:30:49]} d5 {[%clk 1:28:39]} 2. c4 {[%clk 1:31:01]} c6
{[%clk 1:27:27]} 3. Nc3 {[%clk 1:29:31]} Nf6 {[%clk 1:27:26]} 4. e3
{[%clk 1:29:41]} e6 {[%clk 1:26:59]} 5. Nf3 {[%clk 1:29:56]} Bd6 {[%clk 1:27:20]}
6. Bd3 {[%clk 1:28:31]} O-O {[%clk 1:27:43]} 7. e4 {[%clk 1:20:50]} dxe4
{[%clk 1:27:37]} 8. Nxe4 {[%clk 1:21:13]} Bb4+ {[%clk 1:23:33]} 9. Bd2
{[%clk 1:19:25]} Bxd2+ {[%clk 1:21:14]} 10. Qxd2 {[%clk 1:19:28]} Nbd7
{[%clk 1:19:47]} 11. O-O-O {[%clk 1:13:07]} Qc7 {[%clk 1:07:55]} 12. Rhe1
{[%clk 1:00:27]} b6 {[%clk 1:07:17]} 13. Ne5 {[%clk 0:52:30]} Bb7
{[%clk 1:06:22]} 14. Nxd7 {[%clk 0:51:59]} Nxd7 {[%clk 1:06:31]} 15. c5
{[%clk 0:48:42]} e5 {[%clk 0:55:03]} 16. Nd6 {[%clk 0:38:08]} exd4
{[%clk 0:43:53]} 17. Re7 {[%clk 0:37:52]} bxc5 {[%clk 0:41:29]} 18. Qf4
{[%clk 0:38:01]} Qd8 {[%clk 0:25:44]} 19. Rxf7 {[%clk 0:34:32]} Nb6
{[%clk 0:19:08]} 20. Rxf8+ {[%clk 0:29:04]} Qxf8 {[%clk 0:19:35]} 21. Qxf8+
{[%clk 0:28:30]} Rxf8 {[%clk 0:20:01]} 22. Nxb7 {[%clk 0:28:49]} Rxf2
{[%clk 0:20:25]} 23. Rd2 {[%clk 0:27:55]} Rxd2 {[%clk 0:19:46]} 24. Kxd2
{[%clk 0:28:19]} c4 {[%clk 0:19:58]} 25. Be4 {[%clk 0:28:04]} h6 {[%clk 0:18:39]}
26. b3 {[%clk 0:22:40]} 1-0

[Event "WCO 2016"]
[Site "?"]
[Date "2016.09.13"]
[Round "11"]
[Board "2"]
[WhiteID "14800276"]
[White "Chunguane Ilidio Alberto"]
[BlackID "4000102"]
[Black "Berend Fred"]
[Result "0-1"]
[BlackElo "2328"]
[WhiteElo "2034"]
[LiveChessVersion "1.4.8"]

1. d4 {[%clk 1:30:47]} g6 {[%clk 1:30:56]} 2. c4 {[%clk 1:29:44]} Bg7
{[%clk 1:31:24]} 3. Nc3 {[%clk 1:29:58]} d6 {[%clk 1:31:17]} 4. e4
{[%clk 1:29:40]} Nf6 {[%clk 1:31:17]} 5. Be3 {[%clk 1:29:10]} O-O
{[%clk 1:30:54]} 6. f3 {[%clk 1:28:20]} Nc6 {[%clk 1:31:19]} 7. Bd3
{[%clk 1:28:42]} e5 {[%clk 1:30:53]} 8. d5 {[%clk 1:26:37]} Nd4 {[%clk 1:31:01]}
9. Nge2 {[%clk 1:21:44]} Ne8 {[%clk 1:20:04]} 10. Nb5 {[%clk 1:14:00]} Nxe2
{[%clk 1:18:46]} 11. Qxe2 {[%clk 1:13:30]} c5 {[%clk 1:11:53]} 12. Qd2
{[%clk 1:05:21]} Bd7 {[%clk 1:11:05]} 13. Nc3 {[%clk 1:04:05]} Rb8
{[%clk 1:08:25]} 14. Bg5 {[%clk 1:02:15]} f6 {[%clk 1:08:30]} 15. Bh6
{[%clk 1:02:27]} a6 {[%clk 1:07:19]} 16. a4 {[%clk 0:56:18]} f5 {[%clk 1:04:45]}
17. Bg5 {[%clk 0:46:42]} Bf6 {[%clk 0:59:29]} 18. h4 {[%clk 0:43:52]} f4
{[%clk 0:59:23]} 19. Bxf6 {[%clk 0:44:06]} Nxf6 {[%clk 0:58:58]} 20. Kf2
{[%clk 0:38:28]} Nh5 {[%clk 0:58:47]} 21. Rh2 {[%clk 0:36:05]} Qa5
{[%clk 0:58:06]} 22. Rhh1 {[%clk 0:35:51]} Ng3 {[%clk 0:58:08]} 23. Rhd1
{[%clk 0:36:11]} Qd8 {[%clk 0:58:34]} 24. Rh1 {[%clk 0:31:29]} Nxh1+
{[%clk 0:52:39]} 25. Rxh1 {[%clk 0:31:57]} h5 {[%clk 0:52:37]} 26. g3
{[%clk 0:29:52]} Qf6 {[%clk 0:51:54]} 27. gxf4 {[%clk 0:28:01]} Qxf4
{[%clk 0:51:44]} 28. Qxf4 {[%clk 0:27:53]} Rxf4 {[%clk 0:52:03]} 29. Ne2
{[%clk 0:26:55]} Rf6 {[%clk 0:52:24]} 30. Ke3 {[%clk 0:21:26]} b5
{[%clk 0:51:23]} 31. axb5 {[%clk 0:20:34]} axb5 {[%clk 0:51:49]} 32. b3
{[%clk 0:20:09]} Rbf8 {[%clk 0:51:38]} 33. Rf1 {[%clk 0:19:13]} b4
{[%clk 0:51:28]} 34. Rf2 {[%clk 0:13:40]} Kg7 {[%clk 0:51:50]} 35. Rf1
{[%clk 0:13:42]} Kh6 {[%clk 0:52:10]} 36. Rf2 {[%clk 0:14:02]} R6f7
{[%clk 0:51:25]} 37. Rf1 {[%clk 0:14:04]} Bh3 {[%clk 0:50:25]} 38. Rf2
{[%clk 0:13:57]} Kg7 {[%clk 0:47:35]} 39. f4 {[%clk 0:07:10]} Bg4
{[%clk 0:47:43]} 40. f5 {[%clk 0:37:29]} Kh6 {[%clk 1:12:22]} 41. Rf1
{[%clk 0:36:29]} Ra7 {[%clk 1:09:42]} 42. Bb1 {[%clk 0:32:40]} Ra3
{[%clk 1:04:13]} 43. Nc1 {[%clk 0:29:14]} g5 {[%clk 1:04:25]} 44. hxg5+
{[%clk 0:28:49]} Kxg5 {[%clk 1:04:54]} 45. Bd3 {[%clk 0:28:04]} Ra1
{[%clk 1:04:02]} 46. Rg1 {[%clk 0:26:44]} Rfa8 {[%clk 1:03:26]} 47. Be2
{[%clk 0:25:31]} Rb1 {[%clk 1:02:33]} 48. Bxg4 {[%clk 0:21:55]} hxg4
{[%clk 0:48:13]} 49. Rf1 {[%clk 0:21:23]} Rh8 {[%clk 0:47:21]} 50. f6
{[%clk 0:17:54]} Rb2 {[%clk 0:47:40]} 51. Rf5+ {[%clk 0:08:48]} Kg6
{[%clk 0:48:04]} 52. Ne2 {[%clk 0:08:38]} Rxb3+ {[%clk 0:48:08]} 53. Kd2
{[%clk 0:08:04]} Rf3 {[%clk 0:48:05]} 0-1

[Event "WCO 2016"]
[Site "?"]
[Date "2016.09.13"]
[Round "11"]
[Board "3"]
[WhiteID "4000471"]
[White "Wagener Claude"]
[BlackID "14800098"]
[Black "Paiva Donaldo"]
[Result "1-0"]
[BlackElo "2164"]
[WhiteElo "2295"]
[LiveChessVersion "1.4.8"]

1. e4 {[%clk 1:30:57]} c5 {[%clk 1:30:56]} 2. Nf3 {[%clk 1:31:23]} d6
{[%clk 1:31:22]} 3. d4 {[%clk 1:31:49]} cxd4 {[%clk 1:31:48]} 4. Nxd4
{[%clk 1:32:16]} Nf6 {[%clk 1:32:13]} 5. Nc3 {[%clk 1:32:42]} a6 {[%clk 1:32:39]}
6. Bd3 {[%clk 1:33:09]} Nc6 {[%clk 1:33:03]} 7. Nxc6 {[%clk 1:33:34]} bxc6
{[%clk 1:33:28]} 8. O-O {[%clk 1:33:56]} e5 {[%clk 1:32:08]} 9. b3
{[%clk 1:33:03]} Be7 {[%clk 1:32:24]} 10. Bb2 {[%clk 1:32:48]} O-O
{[%clk 1:32:45]} 11. Qe2 {[%clk 1:31:49]} a5 {[%clk 1:29:13]} 12. Na4
{[%clk 1:30:07]} Be6 {[%clk 1:25:17]} 13. c4 {[%clk 1:29:15]} Qc7
{[%clk 1:25:19]} 14. Rac1 {[%clk 1:28:44]} Nd7 {[%clk 1:25:43]} 15. Kh1
{[%clk 1:17:51]} f5 {[%clk 1:15:12]} 16. f4 {[%clk 1:10:21]} fxe4
{[%clk 1:11:33]} 17. Bxe4 {[%clk 1:10:31]} Rae8 {[%clk 1:09:16]} 18. fxe5
{[%clk 1:08:00]} Nxe5 {[%clk 1:05:44]} 19. Bxe5 {[%clk 1:04:57]} dxe5
{[%clk 1:06:06]} 20. Qh5 {[%clk 1:05:03]} 1-0

[Event "WCO 2016"]
[Site "?"]
[Date "2016.09.13"]
[Round "11"]
[Board "5"]
[WhiteID "8200084"]
[White "Matoewi Roger"]
[BlackID "9000240"]
[Black "Tissir Mohamed"]
[Result "0-1"]
[BlackElo "2388"]
[WhiteElo "2042"]
[LiveChessVersion "1.4.8"]

1. e4 {[%clk 1:30:53]} c5 {[%clk 1:30:43]} 2. Nf3 {[%clk 1:28:49]} Nc6
{[%clk 1:27:42]} 3. d4 {[%clk 1:28:10]} cxd4 {[%clk 1:28:06]} 4. Nxd4
{[%clk 1:28:33]} Qb6 {[%clk 1:28:29]} 5. Nb3 {[%clk 1:28:49]} Nf6
{[%clk 1:28:53]} 6. Nc3 {[%clk 1:26:07]} e6 {[%clk 1:29:14]} 7. Be3
{[%clk 1:26:12]} Qc7 {[%clk 1:29:36]} 8. a3 {[%clk 1:24:43]} a6 {[%clk 1:29:58]}
9. g3 {[%clk 1:24:41]} Be7 {[%clk 1:12:57]} 10. Bg2 {[%clk 1:24:27]} O-O
{[%clk 1:13:21]} 11. O-O {[%clk 1:24:45]} Ne5 {[%clk 1:11:37]} 12. Bf4
{[%clk 1:07:19]} d6 {[%clk 1:11:51]} 13. h4 {[%clk 1:05:55]} b5 {[%clk 1:10:24]}
14. h5 {[%clk 1:05:36]} h6 {[%clk 1:08:13]} 15. Re1 {[%clk 0:57:59]} Bb7
{[%clk 1:08:26]} 16. Nd4 {[%clk 0:52:15]} Rfd8 {[%clk 1:07:58]} 17. Qe2
{[%clk 0:36:03]} Nc4 {[%clk 0:54:05]} 18. Bc1 {[%clk 0:32:19]} Rac8
{[%clk 0:37:06]} 19. g4 {[%clk 0:28:20]} Qb6 {[%clk 0:37:24]} 20. Rd1
{[%clk 0:26:35]} Ba8 {[%clk 0:28:24]} 21. g5 {[%clk 0:20:59]} hxg5
{[%clk 0:27:24]} 22. Bxg5 {[%clk 0:18:23]} Nxb2 {[%clk 0:13:29]} 23. Nd5
{[%clk 0:11:23]} Nxd5 {[%clk 0:12:20]} 24. exd5 {[%clk 0:08:05]} Bxg5
{[%clk 0:12:44]} 25. Qg4 {[%clk 0:08:28]} Nxd1 {[%clk 0:02:51]} 26. Rxd1
{[%clk 0:08:32]} Bh6 {[%clk 0:00:35]} 27. dxe6 {[%clk 0:07:30]} fxe6
{[%clk 0:00:56]} 28. Qxe6+ {[%clk 0:06:44]} Kh8 {[%clk 0:01:14]} 29. Bxa8
{[%clk 0:02:40]} Rxa8 {[%clk 0:01:39]} 30. Nf5 {[%clk 0:02:56]} Rf8
{[%clk 0:01:53]} 31. Rxd6 {[%clk 0:02:19]} Qc5 {[%clk 0:02:05]} 32. Rd5
{[%clk 0:01:24]} Qxc2 {[%clk 0:01:57]} 33. Kh1 {[%clk 0:00:42]} Qxf2
{[%clk 0:01:54]} 0-1

[Event "WCO 2016"]
[Site "?"]
[Date "2016.09.13"]
[Round "11"]
[Board "6"]
[WhiteID "9000399"]
[White "Choukri Adel"]
[BlackID "8200165"]
[Black "Giasi Viresh"]
[Result "1-0"]
[BlackElo "1979"]
[WhiteElo "2269"]
[LiveChessVersion "1.4.8"]

1. Nf3 {[%clk 1:30:55]} d5 {[%clk 1:29:26]} 2. c4 {[%clk 1:31:20]} c6
{[%clk 1:29:32]} 3. b3 {[%clk 1:31:27]} Nf6 {[%clk 1:29:35]} 4. Bb2
{[%clk 1:31:50]} e6 {[%clk 1:29:02]} 5. g3 {[%clk 1:31:59]} Bc5 {[%clk 1:27:12]}
6. Bg2 {[%clk 1:30:35]} Nbd7 {[%clk 1:25:01]} 7. O-O {[%clk 1:30:34]} O-O
{[%clk 1:25:28]} 8. d4 {[%clk 1:31:00]} Bd6 {[%clk 1:25:27]} 9. Qc2
{[%clk 1:28:41]} Re8 {[%clk 1:21:28]} 10. Ne5 {[%clk 1:27:56]} Qc7
{[%clk 1:20:15]} 11. f4 {[%clk 1:28:02]} b6 {[%clk 1:15:03]} 12. Nd2
{[%clk 1:24:20]} Bb7 {[%clk 1:14:37]} 13. e4 {[%clk 1:16:15]} dxe4
{[%clk 1:14:42]} 14. Nxe4 {[%clk 1:16:39]} Nxe4 {[%clk 1:14:11]} 15. Qxe4
{[%clk 1:16:43]} Nf6 {[%clk 1:14:28]} 16. Qf3 {[%clk 1:15:47]} Rac8
{[%clk 1:12:50]} 17. Rac1 {[%clk 1:14:16]} Ba8 {[%clk 1:09:21]} 18. c5
{[%clk 1:14:10]} Bxe5 {[%clk 1:09:46]} 19. dxe5 {[%clk 1:12:48]} Nd5
{[%clk 1:10:05]} 20. f5 {[%clk 1:12:46]} exf5 {[%clk 1:00:23]} 21. Rce1
{[%clk 1:10:44]} g6 {[%clk 0:59:22]} 22. g4 {[%clk 1:08:23]} f4 {[%clk 0:57:52]}
23. e6 {[%clk 1:06:18]} Rxe6 {[%clk 0:53:39]} 24. Rxe6 {[%clk 1:06:41]} fxe6
{[%clk 0:54:08]} 25. Qe4 {[%clk 1:06:35]} Re8 {[%clk 0:54:13]} 26. Be5
{[%clk 1:06:32]} Qe7 {[%clk 0:53:38]} 27. Bd6 {[%clk 1:02:41]} Qg5
{[%clk 0:50:12]} 28. h3 {[%clk 1:02:53]} bxc5 {[%clk 0:38:43]} 29. Bxc5
{[%clk 1:01:34]} h5 {[%clk 0:25:57]} 30. gxh5 {[%clk 0:59:45]} gxh5
{[%clk 0:25:33]} 31. Kh1 {[%clk 0:58:07]} Kg7 {[%clk 0:13:41]} 32. Qa4
{[%clk 0:54:11]} Kf6 {[%clk 0:11:14]} 33. Rg1 {[%clk 0:48:49]} Qg3
{[%clk 0:09:40]} 34. Qxa7 {[%clk 0:42:51]} Rg8 {[%clk 0:06:20]} 35. Bf2
{[%clk 0:41:59]} Qg7 {[%clk 0:04:07]} 36. Bh4+ {[%clk 0:37:41]} Ke5
{[%clk 0:04:36]} 37. Qc5 {[%clk 0:36:34]} Kf5 {[%clk 0:01:44]} 38. Be4+
{[%clk 0:36:19]} Kxe4 {[%clk 0:02:06]} 39. Qc2+ {[%clk 0:36:00]} Kd4
{[%clk 0:00:41]} 40. Rxg7 {[%clk 1:06:12]} Rxg7 {[%clk 0:31:10]} 41. Qb2+
{[%clk 1:06:33]} Ke3 {[%clk 0:30:24]} 42. Qxg7 {[%clk 1:06:53]} c5
{[%clk 0:30:24]} 43. Qa7 {[%clk 1:07:09]} 1-0